01417nam a2200277 a 450000100060000000300080000600500170001400800410003102000150007202000150008703500190010204000360012104100080015708200270016510000260019224500440021826000740026230000240033650400410036050505550040152000580095665100270101465100340104165100340107565100300110913748BD-RjUL20211208235515.0140201r20111997ii b 000 0 eng d a0195640241 a0195646339 a(BD-RjUL)13800 aLCLOWbengcLCLOWdANLdBD-RjUL aeng04a954.0072221bSAW 20111 aSarkar, Sumit,d1939-10aWriting social history /cSumit Sarkar. aDelhi ;bNew York :bOxford University Press,c1997 [impression2011]. ax, 390 p. ;c23 cm. aIncludes bibliographical references.0 a1. The Many Worlds of Indian History -- 2. The Relevance of E. P. Thompson -- 3. The Decline of the Subaltern in Subaltern Studies -- 4. Edward Thompson and India: The Other Side of the Medal -- 5. The City Imagined: Calcutta of the Nineteenth and Early Twentieth Centuries -- 6. Renaissance and Kaliyuga: Time, Myth and History in Colonial Bengal -- 7. Vidyasagar and Brahmanical Society -- 8. Kaliyuga, Chakri and Bhakti: Ramakrishna and His Times -- 9. Identity and Difference: Caste in the Formation of the Ideologies of Nationalism and Hindutva. aOn India; essays, most written between 1991 and 1996. 0aIndiaxHistoriography. 0aIndiaxHistoryy19th century. 0aIndiaxHistoryy20th century. 0aIndiaxSocial conditions.